书目信息 |
| 题名: |
条码技术与应用
|
|
| 作者: | 张成海 编著 | |
| 分册: | 本科分册 | |
| 出版信息: | 北京 清华大学出版社 2021.7 |
|
| 页数: | 14,379页 | |
| 开本: | 23cm | |
| 丛书名: | ||
| 单 册: | ||
| 中图分类: | TP391.44 | |
| 科图分类: | ||
| 主题词: | 条码技术--高等学校--教材 | |
| 电子资源: | ||
| ISBN: | 978-7-302-48504-9 | |
| 000 | 00980nam0 2200265 45 | |
| 001 | 012001000513 | |
| 005 | 20211012144257.55 | |
| 010 | @a978-7-302-48504-9@dCNY49.00 | |
| 100 | @a20180312d2018 em y0chiy50 ea | |
| 101 | 0 | @achi |
| 102 | @aCN@b110000 | |
| 105 | @aa z 000yy | |
| 106 | @ar | |
| 200 | 1 | @a条码技术与应用@Atiao ma ji shu yu ying yong@i本科分册@b专著@f张成海[等]编著 |
| 205 | @a2版 | |
| 210 | @a北京@c清华大学出版社@d2021.7 | |
| 215 | @a14,379页@c图@d23cm | |
| 300 | @a高校条码人才培训项目唯一指定用书 | |
| 304 | @a编著者还有:张铎、赵守香、许国银 | |
| 330 | @a本书共分11章,分别介绍了供应链管理与条码技术、条码概述、条码技术、GSI系统、零售业中的条码应用、储运包装商品编码与条码表示、物理条码、制造业生产线上的条码应用、供应链应用集成以及条码技术的发展。 | |
| 606 | 0 | @a条码技术@x高等学校@j教材 |
| 690 | @aTP391.44@v5 | |
| 701 | 0 | @a张成海@Azhang cheng hai@f(1965~)@4编著 |
| 801 | 0 | @aCN@bBJSDL@c20211011 |
| 905 | @b1331625-8@dTP391.44@e2143=2@f4 | |
| 条码技术与应用.本科分册/张成海[等]编著.-2版.-北京:清华大学出版社,2021.7 |
| 14,379页:图;23cm |
| 高校条码人才培训项目唯一指定用书 |
| ISBN 978-7-302-48504-9:CNY49.00 |
| 本书共分11章,分别介绍了供应链管理与条码技术、条码概述、条码技术、GSI系统、零售业中的条码应用、储运包装商品编码与条码表示、物理条码、制造业生产线上的条码应用、供应链应用集成以及条码技术的发展。 |
| ● |
| 相关链接 |
|
|
|
|
正题名:条码技术与应用
索取号:TP391.44/2143=2
 
预约/预借
| 序号 | 登录号 | 条形码 | 馆藏地/架位号 | 状态 | 备注 |
| 1 | 1331625 | 213316259 | 第二样本阅览室/ [索取号:TP391.44/2143=2] | 在馆 | |
| 2 | 1331626 | 213316268 | 第三借阅区/ [索取号:TP391.44/2143=2] | 在馆 | |
| 3 | 1331627 | 213316277 | 第三借阅区/ [索取号:TP391.44/2143=2] | 在馆 | |
| 4 | 1331628 | 213316286 | 第三借阅区/ [索取号:TP391.44/2143=2] | 在馆 |